Famous Women - A to Z #2 - Statistics

General Stats
  • This quiz has been taken 56 times
  • The average score is 12 of 26
Answer Stats
Letter Hint Answer % Correct
C French fashion designer and businesswoman - possible Nazi collaborator Coco Chanel
91%
R American political figure, diplomat, and activist - the first lady of the United States from 1933 to 1945 Eleanor Roosevelt
81%
P Argentine politician, activist, actress, and philanthropist who served as First Lady of Argentina Eva Peron
79%
N Queen of the 18th Dynasty of Ancient Egypt - the great royal wife of Pharaoh Akhenaten Nefertiti
74%
H One of history's most infamous spies, was executed in 1917 by the French for spying for the Germans Mata Hari
70%
I Somali model and actress - married to David Bowie Iman
67%
F American actress and activist who famously visited Hanoi in 1972 Jane Fonda
67%
O American sharpshooter who starred in Buffalo Bill's Wild West show Annie Oakley
65%
G Served as an associate justice of the Supreme Court of the United States from 1993 until her death in 2020 Ruth Bader Ginsburg
63%
A American memoirist, poet, and civil rights activist - author of I Know Why the Caged Bird Sings Maya Angelou
58%
J Fastest woman in history over 100m and 200m Florence Griffith Joyner
49%
Z Mononymous American actress and singer - star of Dune and Euphoria Zendaya
49%
L English mathematician and the world's first computer programmer Ada Lovelace
47%
S Lemhi Shoshone woman who guided the Lewis and Clark expedition Sacagawea
47%
M Italian physician and educator best known for her philosophy of education and her writing on scientific pedagogy Maria Montessori
44%
V Colombian actress and television personality - known for playing Gloria on Modern Family Sofía Vergara
44%
K Former world number one professional tennis player - winner of 39 Grand Slam titles Billie Jean King
37%
U 8 times Grammy award winner - won the fourth season of American Idol in 2005 Carrie Underwood
30%
Q American singer, bass guitarist and songwriter - reached No. 1 in the UK with Can the Can and Devil Gate Drive Suzi Quatro
30%
W American broadcast journalist who interviewed every sitting U.S. president and first lady from Richard and Pat Nixon to Barack and Michelle Obama Barbara Walters
28%
T American abolitionist and activist for African-American civil rights, women's rights, and alcohol temperance Sojourner Truth
26%
E Founder of the Christian Science movement Mary Baker Eddy
23%
D American-born dancer and choreographer, who was a pioneer of modern contemporary dance - known as "The Mother of Dance" Isadora Duncan
19%
Y Pakistani female education activist and the 2014 Nobel Peace Prize laureate Malala Yousafzai
19%
B Investigative journalist - known for her record-breaking trip around the world in 72 days Nellie Bly
19%
X Chinese artistic gymnast who won gold on the balance beam at the Sydney olympics in 2000 Liu Xuan
2%
No matching quizzes found
Score Distribution
Percent of People with Each Score
Percentile by Number Answered
Your Score History
You have not taken this quiz